[Event "Lienz op 20th"]
[Site "Lienz"]
[Date "2019.02.13"]
[Round "6"]
[White "Gaehwiler, Gabriel"]
[Black "Schnabel, Ralf"]
[Result "1/2-1/2"]
[WhiteElo "2433"]
[BlackElo "2175"]
[PlyCount "108"]
[EventDate "2019.02.09"]
[EventType "swiss"]
[EventRounds "9"]
[EventCountry "AUT"]
[SourceTitle "CBM 188 Extra"]
[Source "ChessBase"]
[SourceDate "2019.02.26"]
[SourceVersion "1"]
[SourceVersionDate "2019.02.26"]
[SourceQuality "1"]

1. e4 c5 2. Nf3 d6 3. d4 cxd4 4. Nxd4 Nf6 5. Nc3 g6 6. Be3 Bg7 7. f3 a6 8. Qd2 h5 9. Bc4 Nbd7 10. Nd5 Nxd5 11. exd5 Qc7 12. Bb3 Ne5 13. Qe2 Bd7 14. 0-0 0-0 15. c4 Rac8 16. Rfc1 Qb8 17. a4 a5 18. h3 Be8 19. f4 Nd7 20. f5 Nc5 21. Bc2 Rc7 22. Rf1 Qc8 23. Rf2 Bf6 24. g4 hxg4 25. hxg4 e5 26. Nb5 Bxb5 27. axb5 e4 28. fxg6 fxg6 29. Raf1 Rcf7 30. b3 Be5 31. Rxf7 Rxf7 32. Rxf7 Kxf7 33. Qf2+ Kg8 34. Qg2 b6 35. Kf1 Qf8+ 36. Ke2 Qf6 37. Bxc5 dxc5 38. Qxe4 Kg7 39. Qe3 Bf4 40. Qe6 Qxe6+ 41. dxe6 Kf6 42. Kf3 Bc1 43. Bxg6 Kxe6 44. Ke4 Bd2 45. Bh7 Kf6 46. Kd5 a4 47. bxa4 Kg5 48. Kc6 Ba5 49. Bf5 Kf6 50. Kc7 Kg5 51. Kd6 Kf6 52. Kd5 Kg5 53. Ke6 Bc3 54. a5 Bxa5 1/2-1/2

[Event "Prague op-A 18th"]
[Site "Prague"]
[Date "2019.01.12"]
[Round "2"]
[White "Schnabel, Ralf"]
[Black "Liu, Guanchu"]
[Result "0-1"]
[WhiteElo "2206"]
[BlackElo "2425"]
[PlyCount "88"]
[EventDate "2019.01.11"]
[EventType "swiss"]
[EventRounds "9"]
[EventCountry "CZE"]
[SourceTitle "CBM 188 Extra"]
[Source "ChessBase"]
[SourceDate "2019.02.26"]
[SourceVersion "1"]
[SourceVersionDate "2019.02.26"]
[SourceQuality "1"]

1. e4 e6 2. d4 d5 3. Nd2 Nf6 4. e5 Nfd7 5. Bd3 c5 6. c3 b6 7. Nh3 Ba6 8. Bxa6 Nxa6 9. 0-0 Nc7 10. Qg4 c4 11. Nf4 g6 12. Nf3 h6 13. h4 b5 14. Qh3 a5 15. Ne2 Rg8 16. h5 g5 17. Nh2 f5 18. exf6 Nxf6 19. Ng4 Nxg4 20. Qxg4 Qd7 21. f4 Qh7 22. f5 exf5 23. Rxf5 Bd6 24. Bd2 Qd7 25. Bf4 Rf8 26. Rxf8+ Bxf8 27. Qxd7+ Kxd7 28. Bxc7 Kxc7 29. Ng3 Re8 30. Kf2 b4 31. Nf5 a4 32. cxb4 Bxb4 33. Rc1 g4 34. Kg3 Re4 35. Rc2 Kd7 36. Nxh6 Be1+ 37. Kh2 Ke6 38. g3 Kf6 39. Kg2 Kg5 40. Nf7+ Kxh5 41. Nd6 Rxd4 42. Re2 Rd2 43. Rxd2 Bxd2 44. Nb5 Kg6 0-1

[Event "Berlin Lichtenrade op 14th"]
[Site "Berlin"]
[Date "2018.11.01"]
[Round "6"]
[White "Schnabel, Ralf"]
[Black "Noeldner, Julian"]
[Result "1-0"]
[WhiteElo "2202"]
[BlackElo "2024"]
[PlyCount "67"]
[EventDate "2018.10.27"]
[EventType "swiss"]
[EventRounds "9"]
[EventCountry "GER"]
[SourceTitle "CBM 187 Extra"]
[Source "ChessBase"]
[SourceDate "2018.11.04"]
[SourceVersion "1"]
[SourceVersionDate "2018.11.04"]
[SourceQuality "1"]

1. e4 c6 2. Nc3 d5 3. Qe2 d4 4. Nd1 e5 5. g3 Bd6 6. d3 Be6 7. f4 f6 8. Nf3 c5 9. fxe5 fxe5 10. Nxe5 Nf6 11. Nf3 Bg4 12. Bg2 0-0 13. 0-0 Nc6 14. Nf2 Bh5 15. Nh3 Qd7 16. c3 Rae8 17. Nf4 Bg4 18. Qc2 c4 19. Nxd4 Bc5 20. Be3 g5 21. Nd5 Nxd5 22. Rxf8+ Kxf8 23. exd5 Rxe3 24. Qf2+ Rf3 25. Bxf3 Nxd4 26. Bxg4+ Nf3+ 27. Kg2 Qxg4 28. Qxf3+ Qxf3+ 29. Kxf3 cxd3 30. Ke4 Ke7 31. Kxd3 b5 32. b3 Kd6 33. c4 bxc4+ 34. bxc4 1-0

[Event "Berlin Lichtenrade op 14th"]
[Site "Berlin"]
[Date "2018.10.29"]
[Round "3"]
[White "Stern, Rene"]
[Black "Schnabel, Ralf"]
[Result "1/2-1/2"]
[WhiteElo "2527"]
[BlackElo "2202"]
[PlyCount "98"]
[EventDate "2018.10.27"]
[EventType "swiss"]
[EventRounds "9"]
[EventCountry "GER"]
[SourceTitle "CBM 187 Extra"]
[Source "ChessBase"]
[SourceDate "2018.11.04"]
[SourceVersion "1"]
[SourceVersionDate "2018.11.04"]
[SourceQuality "1"]

1. Nf3 Nf6 2. c4 g6 3. Nc3 d5 4. e3 Bg7 5. Qb3 e6 6. Qa3 c6 7. d4 Nbd7 8. Be2 Ng8 9. 0-0 Ne7 10. cxd5 exd5 11. b4 b5 12. Qb3 Nb6 13. a4 a6 14. Ne5 0-0 15. Nd3 Nf5 16. Nc5 Nd6 17. Nd1 Re8 18. Re1 Bf5 19. Nb2 h5 20. Nbd3 Nbc4 21. Ra2 Re7 22. Bf1 Qe8 23. Rae2 Kh7 24. a5 Bxd3 25. Qxd3 f5 26. f3 Qh8 27. g3 Nb7 28. Nb3 Rd8 29. Bg2 Red7 30. Bd2 Nxd2 31. Rxd2 Bf8 32. Qc3 Qf6 33. Nc1 Rd6 34. Nd3 Re6 35. Rb2 Rde8 36. Rbe2 Bg7 37. Ne5 Qf8 38. f4 Bf6 39. Rc2 Be7 40. Nxc6 Rc8 41. Bxd5 Rexc6 42. Bxc6 Bxb4 43. Qd3 Bxe1 44. Bxb7 Rxc2 45. Qxc2 Qe7 46. Bxa6 Qxe3+ 47. Kg2 Qxd4 48. Kh3 Bxa5 49. Bxb5 Qf6 1/2-1/2